<?xml version="1.0" encoding="UTF-8"?>
<record
    xmlns:xsi="http://www.w3.org/2001/XMLSchema-instance"
    xsi:schemaLocation="http://www.loc.gov/MARC21/slim http://www.loc.gov/standards/marcxml/schema/MARC21slim.xsd"
    xmlns="http://www.loc.gov/MARC21/slim">

  <leader>00868nam a22002417a 4500</leader>
  <controlfield tag="003">UA-OsUOA</controlfield>
  <controlfield tag="001"> 48193 </controlfield>
  <controlfield tag="007">ta</controlfield>
  <controlfield tag="008">20121223b un ||||| |||| 00| 0 ukr d</controlfield>
  <datafield tag="100" ind1=" " ind2=" ">
    <subfield code="a">&#x421;&#x430;&#x43B;&#x44C;&#x441;&#x44C;&#x43A;&#x438;&#x439; &#x412;.</subfield>
  </datafield>
  <datafield tag="090" ind1=" " ind2=" ">
    <subfield code="a">09.-94(477).06</subfield>
    <subfield code="b">&#x421;16</subfield>
  </datafield>
  <datafield tag="942" ind1=" " ind2=" ">
    <subfield code="c">BK</subfield>
  </datafield>
  <datafield tag="040" ind1=" " ind2=" ">
    <subfield code="a">UA-OsUOA</subfield>
    <subfield code="b">ukr</subfield>
    <subfield code="c">UA-OsUOA</subfield>
    <subfield code="d">UA-OsUOA</subfield>
  </datafield>
  <datafield tag="245" ind1=" " ind2=" ">
    <subfield code="a">&#x423;&#x43A;&#x440;&#x430;&#x457;&#x43D;&#x441;&#x44C;&#x43A;&#x43E;-&#x43C;&#x43E;&#x441;&#x43A;&#x43E;&#x432;&#x441;&#x44C;&#x43A;&#x430; &#x432;&#x456;&#x439;&#x43D;&#x430; 1920 &#x440;&#x43E;&#x43A;&#x443; &#x432; &#x434;&#x43E;&#x43A;&#x443;&#x43C;&#x435;&#x43D;&#x442;&#x430;&#x445;</subfield>
    <subfield code="b">&#x427;. &#x406;.</subfield>
    <subfield code="c">&#x41E;&#x43F;&#x435;&#x440;&#x430;&#x442;&#x438;&#x432;&#x43D;&#x456; &#x434;&#x43E;&#x43A;&#x443;&#x43C;&#x435;&#x43D;&#x442;&#x438; &#x448;&#x442;&#x430;&#x431;&#x443; &#x430;&#x440;&#x43C;&#x456;&#x457; &#x423;&#x43A;&#x440;&#x430;&#x457;&#x43D;&#x441;&#x44C;&#x43A;&#x43E;&#x457; &#x41D;&#x430;&#x440;&#x43E;&#x434;&#x43D;&#x44C;&#x43E;&#x457; &#x440;&#x435;&#x441;&#x43F;&#x443;&#x431;&#x43B;&#x456;&#x43A;&#x438;</subfield>
  </datafield>
  <datafield tag="300" ind1=" " ind2=" ">
    <subfield code="a">401&#xA0;&#x441;.</subfield>
  </datafield>
  <datafield tag="955" ind1=" " ind2=" ">
    <subfield code="a">1</subfield>
  </datafield>
  <datafield tag="041" ind1=" " ind2=" ">
    <subfield code="a">ukr</subfield>
  </datafield>
  <datafield tag="080" ind1=" " ind2=" ">
    <subfield code="a">09.-94(477).06</subfield>
  </datafield>
  <datafield tag="260" ind1=" " ind2=" ">
    <subfield code="a">&#x412;&#x430;&#x440;&#x448;&#x430;&#x432;&#x430;</subfield>
    <subfield code="c">1933</subfield>
  </datafield>
  <datafield tag="650" ind1=" " ind2="7">
    <subfield code="a">0 &#x417;&#x430;&#x433;&#x430;&#x43B;&#x44C;&#x43D;&#x438;&#x439; &#x432;&#x456;&#x434;&#x434;&#x456;&#x43B;.</subfield>
    <subfield code="2">UDC</subfield>
  </datafield>
  <datafield tag="999" ind1=" " ind2=" ">
    <subfield code="c">428301</subfield>
    <subfield code="d">428301</subfield>
  </datafield>
  <datafield tag="952" ind1=" " ind2=" ">
    <subfield code="0">0</subfield>
    <subfield code="1">0</subfield>
    <subfield code="2">udc</subfield>
    <subfield code="4">0</subfield>
    <subfield code="7">0</subfield>
    <subfield code="a">300</subfield>
    <subfield code="b">300</subfield>
    <subfield code="d">2012-12-23</subfield>
    <subfield code="e">293/2012</subfield>
    <subfield code="g">1.00</subfield>
    <subfield code="i">2134272</subfield>
    <subfield code="l">0</subfield>
    <subfield code="o">09.-94(477).06 &#x421;16</subfield>
    <subfield code="p">2134272</subfield>
    <subfield code="r">2019-09-14 00:00:00</subfield>
    <subfield code="w">2012-12-23</subfield>
    <subfield code="y">BK</subfield>
  </datafield>
</record>
